00289nam a2200109 a 4500008004100000050001800041100001900059245002200078260004800100300002200148350000900170120416s1977 ||||||||||||||||| || u aTN 269.55 Ply aPlyusnin, M. I10aInduction logging aNew DelhibOxford & IBH Publishing Coc1977 axii, 159p. : ill. a0.00